Statistics for Nerdcore Most Viewed Songs

Click here to take the quiz!

General Stats

  • This quiz has been taken 8 times
  • The average score is 2 of 35

Answer Stats

HintAnswer% Correct
JT Music (Five Nights At Freddy's Sister Location)Join Us For A Bite
63%
NerdOut (Rap Battle) (Fortnite)Fortnite Rap Battle
38%
Shwabadi (Among Us)Imposter
25%
The Stupendium (Bendy and The Ink Machine)Art of Darkness
13%
Mir Blackwell ft. PE$O Pete,954mari,Ham Sandwich, and Ty Wild (One Piece)Blackbeard
13%
Rustage (Naruto)Copy
13%
Fabvl (Fortnite)Drop
13%
McGwire ft. Aerial Ace (Naruto)Holding On
13%
ERB ft. AlphacatMitt Romney vs Barack Obama
13%
Freshy Kanal ft. Mat4yo & Alex M.Sonic vs Flash
13%
PE$0 Pete x Fabvl (Jujutsu Kaisen)Wild Wild West
13%
Cam Steady (Rap Battle)Baldi vs Granny
0%
Freeced (Avatar: The Last Airbender)Bandit
0%
GameboyJones (Dragon Ball)Dragon Ball Villain Cypher
0%
None Like Joshua (Rick and Morty)Evil Morty Dubstep Rap
0%
Dreaded Yasuke ft. Baker The Legend, Savvy Hyuga, and Dizzy Eight (Team 7)Fire In My Team
0%
Ham Sandwich (Attack On Titan)Fuck Gabi
0%
Zach Boucher x Fabvl (Luigi's Mansion 3)Ghost
0%
Delta Deez (Anime)Hawks
0%
TryHardNinja (FNAF)It's Me
0%
Dan Bull (Minecraft)I've Got A Bone
0%
Daddyphatsnaps(Rap Battle) (Friday The 13th)Jason Vorhees vs Michael Myers
0%
Aerial Ace ft. Ham Sandwich (Fireforce)Kusakabe
0%
Conner Quest ft. Bonecage (Luigi's Mansion 3)Luigi's Mansion 3 Rap
0%
FrivolousShara (Jujustu Kaisen)Maki Zenen
0%
DivideMusic (All Might)One For All
0%
Kevin Bennet (Pokemon)Pokemon Go
0%
Diggz Da Prophecy (Spongebob)Rev it up
0%
Breeton Boi (KonoSuba)Senpai Got Drip
0%
DizzyEight x Khantrast (Madara Uchiha)Sharingan
0%
954mari (Jujutsu Kaisen)Shigaraki
0%
Jamar Rose ft. Sivade (Naruto)Shinobi
0%
CG5 (Among Us)Show Yourself
0%
Bonecage (Walking Dead)Sweetpea
0%
IAMCHRISCRAIG (MHA)The Chosen
0%

Score Distribution

Percentile by Number Answered

Percent of People with Each Score

Your Score History

You have not taken this quiz